| 000 | 00513nam a2200205Ia 4500 | ||
|---|---|---|---|
| 003 | OSt | ||
| 005 | 20230408094329.0 | ||
| 008 | 210423s2010 xx 000 0 und d | ||
| 020 | _a9788126913237 | ||
| 040 | _cAL | ||
| 041 | _aeng | ||
| 082 | _a809.93592 MSIM | ||
| 100 |
_aMSISKA (Mpalive-Hangson). _984536 |
||
| 245 | _aWole Soyinka. | ||
| 260 |
_aNew Delhi _bAtlantic Publishers and Distributors _c2010 |
||
| 300 |
_axiii,98 _bPB |
||
| 365 |
_b175 _cINR |
||
| 906 | _asoyinka. ; Wole | ||
| 942 |
_2ddc _cBK |
||
| 999 |
_c158235 _d158235 |
||